Cấu trúc văn bản nghệ thuật

সংরক্ষণ করুন:
গ্রন্থ-পঞ্জীর বিবরন
প্রধান লেখক: Lotman, Iu.M.
অন্যান্য লেখক: Nguyễn, Thu Thủy dịch (dịch), Trần, Ngọc Vương, Trịnh, Bá Đĩnh
বিন্যাস: গ্রন্থ
প্রকাশিত: Hà Nội ĐHQG Hà Nội 2007
সংস্করন:In lần thứ hai
বিষয়গুলি:
ট্যাগগুলো: ট্যাগ যুক্ত করুন
কোনো ট্যাগ নেই, প্রথমজন হিসাবে ট্যাগ করুন!
Thư viện lưu trữ: Trung tâm Học liệu Lê Vũ Hùng, Trường Đại học Đồng Tháp
LEADER 00933pam a22002658a 4500
001 00039300
005 20171110091116.0
008 170518s2007 ||||||Viesd
041 0 # |a Vie 
082 1 4 |a 809  |b C125TR 
100 1 # |a Lotman, Iu.M. 
245 1 0 |a Cấu trúc văn bản nghệ thuật  |c IU.M.Lotman; Trần Ngọc Vương, Trịnh Bá Đĩnh,...[và những người khác] 
250 # # |a In lần thứ hai 
260 # # |a Hà Nội  |b ĐHQG Hà Nội  |c 2007 
300 # # |a 540 tr.  |c 21 cm 
653 # # |a Cấu trúc 
653 # # |a văn bản 
653 # # |a nghệ thuật 
700 1 # |a Nguyễn, Thu Thủy dịch  |e dịch 
700 1 # |a Trần, Ngọc Vương 
700 1 # |a Trịnh, Bá Đĩnh 
852 # # |j KD.0021203  |j KM.0022302 
852 # # |b Kho đọc  |j KD.1002460 
910 |d 18/05/2017 
980 # # |a Trung tâm Học liệu Lê Vũ Hùng, Trường Đại học Đồng Tháp